| 000 | 00762cam a2200205 4500 | ||
|---|---|---|---|
| 001 | WB3726-28 | ||
| 008 | 000000n2001 000 0 eng u | ||
| 035 | _a(Sirsi) u113502 | ||
| 245 | _aCountryside stewardship scheme | ||
| 260 | _c2001 | ||
| 490 |
_aDEFRA News Release _v(34/01) 4 July 2001, (2) |
||
| 520 | _aA new guide to the Countryside Stewardship scheme is launched. Guide describes how the scheme has developed and illustrates some of its successes. For further information visit the DEFRA web site at http://www.defra.gov.uk | ||
| 590 | _aWB | ||
| 650 | _aCOUNTRYSIDE STEWARDSHIP SCHEME | ||
| 650 | _aWILDLIFE TRUSTS | ||
| 650 | _aENVIRONMENTAL BENEFITS | ||
| 650 | _aCOUNTRYSIDE POLICY | ||
| 690 | _aRURAL-NATURE CONSERVATION | ||
| 942 | _n0 | ||
| 999 |
_c67613 _d67613 |
||